First 15 Elements of the Periodic Table - Statistics

General Stats
  • This quiz has been taken 313 times
  • The average score is 11 of 15
Answer Stats
Number Element % Correct
1 Hydrogen
97%
2 Helium
95%
3 Lithium
84%
6 Carbon
82%
4 Beryllium
80%
8 Oxygen
77%
5 Boron
76%
7 Nitrogen
76%
10 Neon
67%
9 Fluorine
65%
12 Magnesium
60%
11 Sodium
60%
13 Aluminium
52%
15 Phosphorus
51%
14 Silicon
51%
No matching quizzes found
Score Distribution
Percent of People with Each Score
Percentile by Number Answered
Your Score History
You have not taken this quiz